<?xml version="1.0" encoding="UTF-8"?>
<record
    xmlns:xsi="http://www.w3.org/2001/XMLSchema-instance"
    xsi:schemaLocation="http://www.loc.gov/MARC21/slim http://www.loc.gov/standards/marcxml/schema/MARC21slim.xsd"
    xmlns="http://www.loc.gov/MARC21/slim">

  <leader>01375nam a22002537a 4500</leader>
  <controlfield tag="003">NALT</controlfield>
  <controlfield tag="005">20220509100803.0</controlfield>
  <controlfield tag="008">      s2549    th                  tha d</controlfield>
  <datafield tag="020" ind1=" " ind2=" ">
    <subfield code="a">9749325702</subfield>
  </datafield>
  <datafield tag="040" ind1=" " ind2=" ">
    <subfield code="a">NALT</subfield>
  </datafield>
  <datafield tag="041" ind1=" " ind2=" ">
    <subfield code="a">tha</subfield>
  </datafield>
  <datafield tag="050" ind1=" " ind2=" ">
    <subfield code="a">BV4597.52</subfield>
    <subfield code="b">&#xE21;854&#xE01; 2549 </subfield>
  </datafield>
  <datafield tag="100" ind1="1" ind2=" ">
    <subfield code="9">14906</subfield>
    <subfield code="a">&#xE41;&#xE21;&#xE47;&#xE01;&#xE0B;&#xE4C;&#xE40;&#xE27;&#xE25;&#xE25;&#xE4C;, &#xE08;&#xE2D;&#xE2B;&#xE4C;&#xE19; &#xE0B;&#xE35;.</subfield>
  </datafield>
  <datafield tag="245" ind1="1" ind2="0">
    <subfield code="a">&#xE01;&#xE25;&#xE22;&#xE38;&#xE17;&#xE18;&#xE4C;&#xE23;&#xE39;&#xE49;&#xE43;&#xE08;&#xE04;&#xE19; =  </subfield>
    <subfield code="b">Winning with people : discover the people principles that work for you every time /</subfield>
    <subfield code="c"> &#xE08;&#xE2D;&#xE2B;&#xE4C;&#xE19;. &#xE0B;&#xE35; &#xE41;&#xE21;&#xE47;&#xE01;&#xE0B;&#xE4C;&#xE40;&#xE27;&#xE25;&#xE25;&#xE4C; : &#xE2D;&#xE34;&#xE17;&#xE18;&#xE34;&#xE1E;&#xE19; &#xE40;&#xE23;&#xE37;&#xE2D;&#xE07;&#xE28;&#xE23;&#xE35; &#xE41;&#xE1B;&#xE25; ; &#xE14;&#xE19;&#xE31;&#xE22; &#xE08;&#xE31;&#xE19;&#xE17;&#xE23;&#xE4C;&#xE40;&#xE08;&#xE49;&#xE32;&#xE09;&#xE32;&#xE22;  &#xE40;&#xE23;&#xE35;&#xE22;&#xE1A;&#xE40;&#xE23;&#xE35;&#xE22;&#xE07;.</subfield>
  </datafield>
  <datafield tag="250" ind1=" " ind2=" ">
    <subfield code="a">&#xE1E;&#xE34;&#xE21;&#xE1E;&#xE4C;&#xE04;&#xE23;&#xE31;&#xE49;&#xE07;&#xE17;&#xE35;&#xE48; 13.</subfield>
  </datafield>
  <datafield tag="260" ind1=" " ind2=" ">
    <subfield code="a">&#xE01;&#xE23;&#xE38;&#xE07;&#xE40;&#xE17;&#xE1E;&#xE2F; : </subfield>
    <subfield code="b">&#xE14;&#xE35;&#xE40;&#xE2D;&#xE47;&#xE21;&#xE08;&#xE35;, </subfield>
    <subfield code="c">2549</subfield>
  </datafield>
  <datafield tag="300" ind1=" " ind2=" ">
    <subfield code="a">375 &#xE2B;&#xE19;&#xE49;&#xE32; ;</subfield>
    <subfield code="c">23 &#xE0B;&#xE21;.</subfield>
  </datafield>
  <datafield tag="650" ind1="0" ind2="4">
    <subfield code="a">&#xE01;&#xE32;&#xE23;&#xE2A;&#xE37;&#xE48;&#xE2D;&#xE2A;&#xE32;&#xE23;&#xE23;&#xE30;&#xE2B;&#xE27;&#xE48;&#xE32;&#xE07;&#xE1A;&#xE38;&#xE04;&#xE04;&#xE25; -- &#xE41;&#xE07;&#xE48;&#xE28;&#xE32;&#xE2A;&#xE19;&#xE32; -- &#xE04;&#xE23;&#xE34;&#xE2A;&#xE15;&#xE28;&#xE32;&#xE2A;&#xE19;&#xE32;</subfield>
  </datafield>
  <datafield tag="650" ind1="0" ind2="4">
    <subfield code="a">&#xE04;&#xE27;&#xE32;&#xE21;&#xE2A;&#xE31;&#xE21;&#xE1E;&#xE31;&#xE19;&#xE18;&#xE4C;&#xE23;&#xE30;&#xE2B;&#xE27;&#xE48;&#xE32;&#xE07;&#xE1A;&#xE38;&#xE04;&#xE04;&#xE25; -- &#xE41;&#xE07;&#xE48;&#xE28;&#xE32;&#xE2A;&#xE19;&#xE32; -- &#xE04;&#xE23;&#xE34;&#xE2A;&#xE15;&#xE28;&#xE32;&#xE2A;&#xE19;&#xE32;</subfield>
  </datafield>
  <datafield tag="700" ind1="0" ind2=" ">
    <subfield code="a">&#xE2D;&#xE34;&#xE17;&#xE18;&#xE34;&#xE1E;&#xE19; &#xE40;&#xE23;&#xE37;&#xE2D;&#xE07;&#xE28;&#xE23;&#xE35; </subfield>
    <subfield code="9">57949</subfield>
  </datafield>
  <datafield tag="700" ind1="0" ind2=" ">
    <subfield code="a">&#xE14;&#xE19;&#xE31;&#xE22; &#xE08;&#xE31;&#xE19;&#xE17;&#xE23;&#xE4C;&#xE40;&#xE08;&#xE49;&#xE32;&#xE09;&#xE32;&#xE22;</subfield>
    <subfield code="9">12307</subfield>
  </datafield>
  <datafield tag="850" ind1=" " ind2=" ">
    <subfield code="a">NALT</subfield>
  </datafield>
  <datafield tag="942" ind1=" " ind2=" ">
    <subfield code="c">GB</subfield>
    <subfield code="2">lcc</subfield>
  </datafield>
  <datafield tag="999" ind1=" " ind2=" ">
    <subfield code="c">47807</subfield>
    <subfield code="d">47807</subfield>
  </datafield>
  <datafield tag="998" ind1=" " ind2=" ">
    <subfield code="j">109</subfield>
    <subfield code="k"> &#xE2D;&#xE32;&#xE23;&#xE35;&#xE23;&#xE31;&#xE15;&#xE19;&#xE4C; &#xE27;&#xE34;&#xE0A;&#xE32;&#xE0A;&#xE48;&#xE32;&#xE07;</subfield>
  </datafield>
  <datafield tag="952" ind1=" " ind2=" ">
    <subfield code="0">0</subfield>
    <subfield code="1">0</subfield>
    <subfield code="4">0</subfield>
    <subfield code="7">0</subfield>
    <subfield code="8">CGBL</subfield>
    <subfield code="a">NALT</subfield>
    <subfield code="b">NALT</subfield>
    <subfield code="l">0</subfield>
    <subfield code="o">BV 4597.52 &#xE21;854&#xE01; 2549</subfield>
    <subfield code="p">3961159981</subfield>
    <subfield code="r">2017-06-09 00:00:00</subfield>
    <subfield code="t">&#xE09;. 1</subfield>
    <subfield code="w">2017-06-09</subfield>
    <subfield code="y">GB</subfield>
  </datafield>
</record>
